Australian Things Quiz - Statistics

General Stats
  • This quiz has been taken 67 times
  • The average score is 9 of 19
Answer Stats
Hint Answer % Correct
What fruit wear pyjamas? Bananas
79%
No hat no what? Play
75%
How many points a goal is worth is AFL 6
74%
The animal that gives away money on the Sunrise Cash Cow
74%
We love to eat our what for breakfast lunch and tea? Vegemite
74%
The Australian word for cooler Esky
70%
The test done at grade 3, 5, 7 and 9 NAPLAN
58%
Tip Top Bread's slogan good on ya who? Mum
55%
Which wiggle needs to wake up? Jeff
51%
Drinking a hot drink through a tim tam is called a tim tam what? Slam
43%
What Tony Abbott infamously ate on live television Raw Onion
38%
What television star was a private school girl Ja'mie
36%
The first Australian Prime Minister Edmund Barton
32%
Australia's favourite couple from the AAMI ads Rhonda and Ketut
28%
Woolworths former name Safeway
28%
The host of Prank Patrol Scott Tweedie
28%
Allens chocolate baby lollies Chicos
25%
Who's from national tiles? Frank Walker
21%
A challenge you do with the wrapper of a Mintie Mintie Tear
6%
No matching quizzes found
Score Distribution
Percent of People with Each Score
Percentile by Number Answered
Your Score History
You have not taken this quiz